000 00300nam a22001337a 4500
008 170608b xxu||||| |||| 00| 0 eng d
020 _a9780709920878
041 _aeng
080 _a32
100 _a17
101 _aSHP
245 _aPROGRESS IN POLITICAL GEOGRAPHY
_cPACIONE, M
942 _2udc
_cBK
999 _c16539
_d16539